000 00574nam a22001697a 4500
005 20251108170135.0
008 250721s2002 xx 000 0 ara d
082 1 4 _a657.48/خطي
100 1 _aالخطيب، حسين
245 1 0 _aالمحاسبة المالية و أصولها الإسلامية :
_bنظريات و تطبيقات /
264 1 _aعمان :
_bدار يافا العلمية للنشر والتوزيع،
_c2002.
300 _a235 ص.
650 1 7 _aالمحاسبة
650 1 7 _aالسجلات المالية
942 _2ddc
_cBK
999 _c40694
_d40694